=LDR 00000nam 2200000 4500 =001 INLIS000000000036334 =005 20130612142128 =008 ***********************************Ind** =035 ##$$0010-061300000036334 =041 ##$$a Ind =082 ##$$a 813 =090 ##$$a 813, Gan f =100 ##$$a Ganie, Suryatini N =245 ##$$a Fatamorgana di segitiga emas, Suryatini N. Ganie =260 ##$$a 2011 $b Jakarta =300 ##$$a 104 hlm, 21 cm =650 ##$$a Fiksi Indonesia =850 ##$$a NBPNMAT =990 ##$$a 91960/BPAP-NTB/2014 =990 ##$$a 0001/BPAP-NTB/20142015